| 000 | 00997nam a22002537a 4500 | ||
|---|---|---|---|
| 999 |
_c64985 _d64985 |
||
| 005 | 20240530110801.0 | ||
| 008 | 190211s2012 ua a g b 000 0 ara d | ||
| 017 |
_a2011/20871 _bمصر. دار الكتب |
||
| 020 | _a9789774382584 | ||
| 040 |
_aEG-CaGPL _cEG-CaGPL |
||
| 082 | 0 | 4 |
_221 _a371.7 \ _bم إ |
| 100 | 0 | _aماهر ابوالمعاطى على | |
| 245 | 1 | 2 |
_aالاتجاهات الحديثة فى المجال المدرسى / _cماهر ابوالمعاطى على |
| 250 | _aط.1 | ||
| 260 |
_aالقاهرة : _bالمكتب الجامعى الحديث ، _c2012 . |
||
| 300 |
_a438 ص. ؛ _c24 سم. |
||
| 490 | 0 | _aسلسلة مجالات وطرق الخدمات الاجتماعية ؛ الكتاب السادس | |
| 650 | 0 | 7 |
_2qrmak _aالخدمة الاجتماعية |
| 650 | 0 | 7 |
_aالجماعات المدرسية _2qrmak |
| 650 | 0 | 7 |
_aالاخصائى الاجتماعى _2qrmak |
| 651 | _2qrmak | ||
| 942 |
_2ddc _cBK |
||